000 00541nam a2200169Ia 4500
008 241217s9999||||xx |||||||||||||| ||und||
020 _a9780805311969
_c82.3
040 _beng
_cSSK Library
_erda
082 _a006.3/LUG
100 _a George F. Luger & William A. Stubblefield -
245 0 _aArtificial Intelligence: Structures And Strategies For Complex Problem Solving
250 _a3rd ed
260 _b Addison Wesley Longman, Inc.
_c©1998
942 _2Dewey Decimal Classification
_cBOOK
_nNo
999 _c24291
_d24291
003 OSt
005 20241217112924.0